000 00450nam a2200169Ia 4500
008 131103s9999 xx 000 0 und d
040 _aLoreto College
041 _aEnglish
082 _a821.91/MAC
_bLCLIB/17665
100 _aMacBeth, George
245 4 _aThe Night of stones
_cGeorge MacBeth
260 _aLondon
_bMacmillan
_c1968
300 _a87p.
_c 21cm.
650 _aEnglish poetry-1900-1999
850 _aLCLIB/821.91/MAC
942 _cBK
999 _c21670
_d72149